An introduction to Malayan birds

Bibliographic Details
Main Author: MADOC
Other Authors: Molesworth
Format: Book
Published: Kuala Lumpur : Malayan Nature Society , 1992
Edition:4th ed.
Subjects:

MARC

LEADER 00000cam a2200000 7i4500
001 0000001952
005 20020715.0
020 0 0 |a 9839681109 
090 0 0 |a R598.295951   |b MAD 1992 
100 1 0 |a MADOC   |h G.C. 
245 1 3 |a An introduction to Malayan birds   |c by G.C. Madoc ; with drawings by B.D. Molesworth 
250 0 0 |a 4th ed. 
260 0 0 |a Kuala Lumpur :   |b Malayan Nature Society ,   |c 1992 
300 |a 224 p. :   |b ill. ;   |c 23 cm. 
500 0 0 |a Includes index 
650 0 0 |a Birds   |z Malaysia 
700 0 1 |a Molesworth   |h B. D. 
998 |a JPSM 
999 |a 0000003287   |b Monograph   |c Reference   |e Default branch